Normal view
MARC view
- MIRANDA, CRESCENCIO A.,
Entry Nombre Personal
001 - NUMERO DE CONTROL
- campo de control: 22509
003 - IDENTIFICADOR DE NUMERO DE CONTROL
- campo de control: UPN
005 - FECHA Y HORA DE LA ÜLTIMA TRANSACCIÓN
- campo de control: 20210219193951.0
008 - DATOS DE LONGITUD FIJA
- campo de control de longitud fija: nabaccnnaabn|||||||||| b |nc|||||d
035 ## - NUMERO DE CONTROL
- Número de control: UPN10000022518
040 ## - FUENTE DE CATALOGACIÓN
- Lenguaje de catalogación: SPA
- Agencia de transcripción: UPN
100 1# - ENCABEZAMIENTO - NOMBRE PERSONAL
- Nombre personal: MIRANDA, CRESCENCIO A.,
- Numeración: 1885-
670 ## - FUENTE EN LA QUE SE LOCALIZARON DATOS
- Cita de la fuente: T
- Información localizada: Profesor Crescencio A. Miranda
902 ## - CATALOGADOR
- Catalogador: MCM/201113
